Statistiques concernant 10 villes les plus peuplées d'Europe

Cliquez ici pour prendre le quiz!

Statistiques générales

  • Ce quiz a été pris 158 fois
  • Le résultat moyen est 9 sur 10

Statistiques - réponses

paysville% Correct
AllemagneBerlin
100%
RussieMoscou
100%
Royaume-UniLondres
99%
EspagneMadrid
99%
FranceParis
99%
ItalieRome
99%
UkraineKiev
95%
RoumanieBucarest
91%
HongrieBudapest
91%
AllemagneHambourg
75%

Distribution des résultats

Percentile par nombre de réponses

% des personnes avec chaque résultat

Votre développement - résultats

Vous n’avez pas pris ce quiz